[Event "Budapest-chT1 Lilienthal 1314"]
[Site "Budapest"]
[Date "2014.02.23"]
[Round "8"]
[White "Katona, Gabor Zsolt"]
[Black "Nagy, Gabor Laszlo"]
[Result "1/2-1/2"]
[WhiteElo "1874"]
[BlackElo "1549"]
[PlyCount "77"]
[EventDate "2013.09.29"]
[EventType "team-tourn"]
[EventRounds "11"]
[EventCountry "HUN"]
[SourceTitle "EXT 2021"]
[Source "ChessBase"]
[SourceDate "2020.10.23"]
[SourceVersion "1"]
[SourceVersionDate "2020.10.23"]
[SourceQuality "1"]
[WhiteTeam "Taban Spartacus II"]
[BlackTeam "SENSE"]
[WhiteTeamCountry "HUN"]
[BlackTeamCountry "HUN"]

1. e4 e5 2. Nf3 Nc6 3. Bb5 a6 4. Ba4 Nf6 5. 0-0 Be7 6. c3 b5 7. Bc2 d5 8. exd5 Qxd5 9. d4 Bg4 10. dxe5 Bxf3 11. Qxf3 Qxf3 12. gxf3 Nxe5 13. f4 Ned7 14. Re1 Nd5 15. b3 N7b6 16. Bd3 Rd8 17. Ba3 Kf8 18. Bxe7+ Nxe7 19. Be4 h5 20. Na3 Rh6 21. c4 b4 22. Nc2 c5 23. Rad1 Rhd6 24. Bf3 Rxd1 25. Rxd1 Rxd1+ 26. Bxd1 g6 27. Ne3 Kg7 28. Kg2 Nc6 29. f5 Nd4 30. fxg6 fxg6 31. Nc2 Nf5 32. f4 a5 33. Kf3 Kf6 34. Ne3 Nd4+ 35. Ke4 Ke6 36. h3 Nf5 37. Nxf5 gxf5+ 38. Ke3 h4 39. Bf3 1/2-1/2

[Event "Budapest-chT1 Lilienthal 1011"]
[Site "Budapest"]
[Date "2010.09.19"]
[Round "1"]
[White "Katona, Gabor Zsolt"]
[Black "Bartuszek, Andras"]
[Result "1-0"]
[WhiteElo "1909"]
[BlackElo "1871"]
[PlyCount "75"]
[EventDate "2010.09.19"]
[EventType "team-tourn"]
[EventRounds "11"]
[EventCountry "HUN"]
[SourceTitle "EXT 2020"]
[Source "ChessBase"]
[SourceDate "2019.10.17"]
[SourceVersion "1"]
[SourceVersionDate "2019.10.17"]
[SourceQuality "1"]
[WhiteTeam "Taban Spartacus II"]
[BlackTeam "Budapest Ujpest KSE"]
[WhiteTeamCountry "HUN"]
[BlackTeamCountry "HUN"]

1. e4 c5 2. Nf3 d6 3. d4 cxd4 4. Nxd4 Nf6 5. Nc3 a6 6. f3 b5 7. a3 Bb7 8. Be3 e6 9. Qd2 Qc7 10. 0-0-0 Nbd7 11. Nb3 Rc8 12. Kb1 d5 13. exd5 Nxd5 14. Nxd5 Bxd5 15. Nd4 Be7 16. Rc1 Nf6 17. Bd3 0-0 18. Rhe1 Rfd8 19. Bf4 Qb7 20. Be5 b4 21. axb4 Bxb4 22. c3 Be7 23. Qf4 Bc4 24. Red1 Ba3 25. Rc2 Ne4 26. Qh4 Nxc3+ 27. Ka1 Bxd3 28. Rxd3 Qd5 29. Rdxc3 Rxc3 30. Rxc3 f6 31. Rxa3 fxe5 32. Nb3 Rb8 33. Ka2 a5 34. Qe4 Qb5 35. Qc2 a4 36. Nd2 Rd8 37. Rxa4 Rxd2 38. Ra8+ 1-0

[Event "Budapest FS08 FM-B"]
[Site "Budapest"]
[Date "2009.08.09"]
[Round "9"]
[White "Katona, Gabor Zsolt"]
[Black "Bryn, Thomas"]
[Result "1/2-1/2"]
[WhiteElo "1977"]
[BlackElo "2024"]
[PlyCount "51"]
[EventDate "2009.08.01"]
[EventType "tourn"]
[EventRounds "11"]
[EventCountry "HUN"]
[SourceTitle "CBM 131 Extra"]
[Source "ChessBase"]
[SourceDate "2009.09.03"]
[SourceVersion "2"]
[SourceVersionDate "2009.09.16"]
[SourceQuality "1"]

1. e4 e5 2. Nf3 Nc6 3. Bb5 a6 4. Ba4 Nf6 5. 0-0 Be7 6. c3 Nxe4 7. Bxc6 dxc6 8. Nxe5 0-0 9. d4 Be6 10. Nd2 Nxd2 11. Bxd2 c5 12. Be3 cxd4 13. Bxd4 c5 14. Be3 Qc7 15. Nf3 Rad8 16. Qc2 Bd5 17. Ng5 Bxg5 18. Bxg5 f6 19. Be3 Rde8 20. Rfe1 Re4 21. h3 Rfe8 22. a3 b5 23. Bd2 R8e6 24. f3 Rxe1+ 25. Rxe1 Rxe1+ 26. Bxe1 1/2-1/2

[Event "Budapest FS09 FM-B"]
[Site "Budapest"]
[Date "2007.09.09"]
[Round "9"]
[White "Katona, Gabor Zsolt"]
[Black "Lakat, Gyula"]
[Result "0-1"]
[WhiteElo "1994"]
[BlackElo "1924"]
[PlyCount "108"]
[EventDate "2007.09.01"]
[EventType "tourn"]
[EventRounds "10"]
[EventCountry "HUN"]
[SourceTitle "EXT 2008"]
[Source "ChessBase"]
[SourceDate "2007.11.25"]
[SourceVersion "1"]
[SourceVersionDate "2007.11.25"]
[SourceQuality "1"]

1. e4 c5 2. Nf3 Nc6 3. d4 cxd4 4. Nxd4 Nf6 5. Nc3 e5 6. Ndb5 d6 7. Bg5 a6 8. Na3 b5 9. Nd5 Be7 10. Bxf6 Bxf6 11. c3 0-0 12. Be2 Bg5 13. 0-0 f5 14. Bf3 f4 15. Nc2 Ne7 16. Ncb4 Bb7 17. Nxe7+ Qxe7 18. Nd5 Qf7 19. Bg4 g6 20. Qb3 h5 21. Bf3 Kg7 22. a4 Bxd5 23. exd5 Rab8 24. Qc2 Rfc8 25. axb5 axb5 26. Ra6 Be7 27. Rfa1 Rb7 28. Ra7 Rcb8 29. Rxb7 Rxb7 30. Ra6 Kh6 31. Be4 Qf6 32. Qb3 Qf8 33. Bd3 Qb8 34. Qb4 h4 35. Qe4 Qg8 36. Ra8 Qg7 37. Qb4 h3 38. Qe4 Kh7 39. Qe2 Qh6 40. Bxb5 Qg5 41. Qf3 Qxg2+ 42. Qxg2 hxg2 43. Kxg2 Rxb5 44. Ra7 Rxb2 45. Rxe7+ Kh6 46. Rc7 Kg5 47. Rc6 e4 48. Rxd6 Kh4 49. Rxg6 f3+ 50. Kh1 Rxf2 51. Kg1 e3 52. Re6 Rg2+ 53. Kh1 Rd2 54. Re4+ Kh3 0-1

[Event "Budapest FS09 FM-B"]
[Site "Budapest"]
[Date "2007.09.03"]
[Round "3"]
[White "Katona, Gabor Zsolt"]
[Black "Szentmihalyi, David"]
[Result "0-1"]
[WhiteElo "1994"]
[BlackElo "1900"]
[PlyCount "60"]
[EventDate "2007.09.01"]
[EventType "tourn"]
[EventRounds "10"]
[EventCountry "HUN"]
[SourceTitle "EXT 2008"]
[Source "ChessBase"]
[SourceDate "2007.11.25"]
[SourceVersion "1"]
[SourceVersionDate "2007.11.25"]
[SourceQuality "1"]

1. e4 c5 2. Nf3 d6 3. d4 cxd4 4. Nxd4 Nf6 5. Nc3 a6 6. Bg5 e6 7. Be2 Qb6 8. Nb3 Be7 9. 0-0 0-0 10. Qd3 Nbd7 11. Qg3 Rd8 12. Rad1 Nf8 13. Be3 Qc7 14. f4 Ng6 15. h4 h5 16. Bf3 Ng4 17. Bxg4 Bxh4 18. Qh3 hxg4 19. Qxg4 Bf6 20. Rd3 b5 21. a3 Bb7 22. Rfd1 Rac8 23. Qf3 Qb8 24. Bb6 Bxe4 25. Qxe4 Qxb6+ 26. Kh2 Rc4 27. Nd4 d5 28. Qe3 Bxd4 29. Rxd4 Nh4 30. g4 Rxd4 0-1

[Event "Budapest FS09 FM-B"]
[Site "Budapest"]
[Date "2007.09.02"]
[Round "2"]
[White "Surinya, Tibor"]
[Black "Katona, Gabor Zsolt"]
[Result "1-0"]
[WhiteElo "1886"]
[BlackElo "1994"]
[PlyCount "111"]
[EventDate "2007.09.01"]
[EventType "tourn"]
[EventRounds "10"]
[EventCountry "HUN"]
[SourceTitle "EXT 2008"]
[Source "ChessBase"]
[SourceDate "2007.11.25"]
[SourceVersion "1"]
[SourceVersionDate "2007.11.25"]
[SourceQuality "1"]

1. d4 d5 2. Nf3 c6 3. g3 Nf6 4. Bg2 e6 5. 0-0 h6 6. c4 Be7 7. Nc3 0-0 8. Ne5 Nbd7 9. Nxd7 Bxd7 10. b3 Qa5 11. Bb2 dxc4 12. bxc4 Qb4 13. Qb3 Qa5 14. e4 Qc7 15. Kh1 c5 16. d5 e5 17. a4 a6 18. Rfb1 Ng4 19. Kg1 f5 20. h3 Nf6 21. Re1 Bd6 22. exf5 Bxf5 23. Qd1 Rae8 24. Qd2 Re7 25. Kh2 Ref7 26. Re2 Qd7 27. f3 b6 28. Qe3 Qc7 29. Ne4 Nxe4 30. fxe4 Bd7 31. Bc3 Be7 32. Be1 Bg5 33. Qb3 a5 34. Rb1 Bd8 35. Rbb2 Qd6 36. Bc3 Bc7 37. Ra2 Qg6 38. Qb2 Qh5 39. d6 Bxd6 40. Qxb6 Bc7 41. Qxc5 Bxa4 42. Rf2 Rxf2 43. Rxf2 Rxf2 44. Qxf2 Qf7 45. Qc5 Bb3 46. Bxa5 Bxa5 47. Qxa5 Bxc4 48. Qxe5 Qf2 49. Qa1 Kh8 50. Qc1 Qf7 51. Qe3 Qf6 52. Qc5 Be6 53. Qc6 Qe5 54. Qa4 Kh7 55. Qe8 Qf6 56. Qb8 1-0